000 00277nam a2200121Ia 4500
008 190216s9999||||xx |||||||||||||| ||und||
100 _aHanson J L
245 0 _aText Book Of Economics
260 _bMaedonald & Evaus
_c1982
300 _a571p
650 _aCommerce
942 _cBK
999 _c9206
_d9206